Online
Catalog

La Banca de interés social en América Latina (Record no. 13251)

MARC details
000 -CABECERA
campo de control de longitud fija 01759cam a2200241 a 4500
001 - NÚMERO DE CONTROL
campo de control 000013637
003 - IDENTIFICADOR DEL NÚMERO DE CONTROL
campo de control DO-SdBNP
005 - FECHA Y HORA DE LA ÚLTIMA TRANSACCIÓN
campo de control 20251118122141.0
008 - DATOS DE LONGITUD FIJA--INFORMACIÓN GENERAL
campo de control de longitud fija 790201s1977 cr 001 0 spa
040 ## - FUENTE DE LA CATALOGACIÓN
Centro catalogador/agencia de origen DO-SdBNP
Lengua de catalogación spa
Centro/agencia transcriptor BNPHU
082 #4 - NÚMERO DE LA CLASIFICACIÓN DECIMAL DEWEY
Número de clasificación 346.73086
Número de documento/Ítem B213i
245 03 - MENCIÓN DE TÍTULO
Título La Banca de interés social en América Latina
260 ## - PUBLICACIÓN, DISTRIBUCIÓN, ETC.
Lugar de publicación, distribución, etc. San José, Costa Rica :
Nombre del editor, distribuidor, etc. CEDAL,
Fecha de publicación, distribución, etc. 1977.
300 ## - DESCRIPCIÓN FÍSICA
Extensión 141 p. ;
Dimensiones 24 cm.
490 1# - MENCIÓN DE SERIE
Mención de serie Seminarios y documentos
Designación de volumen o secuencia 28
500 ## - NOTA GENERAL
Nota general Título de la cubierta: Documentos de trabajo.
505 ## - NOTA DE CONTENIDO CON FORMATO
Nota de contenido con formato Brenes, P. et al. La banca obrera en la Alemania contemporáne.--Lewinsky. A. Los bancos de trabajadores de Latinoamérica y del Caribe y el Banco Hapoalim de Israel.--Regev, A. Características de los bancos de trabajadores en América Latina.--Bustamente, J. et al. Colombia: instituciones financieras de interés social.--Murillo, L. A. et al. El Banco Popular y de Desarrollo Comunal.--Castillo, G. Costa Rica: el financiamiento comunal.--Rose, F. L. Jamaica: desarrollo del Banco de los Trabajadores.--Saviñón, R. E. República Dominicana: el Banco de los Trabajadores.--Pinto, F. O. y Staback, C. A. Venezuela: El Banco de los Trabajadores.--Becerra, P. J. et al. Necesidades y posibilidades de mejoramiento en las formas de cooperación entre instituciones financieras de interés social en América Latina.--Araujo, R. et al. Modelos de cooperación entre instituciones financieras de interés social.--Araya, R. et al. Cooperación entre bancas de interés social a nivel latinoamericano.
650 #4 - PUNTO DE ACCESO ADICIONAL DE MATERIA--TÉRMINO DE MATERIA
Término de materia o nombre geográfico como elemento de entrada Bancos cooperativos
Subdivisión geográfica América Latina
9 (RLIN) 31049
650 #4 - PUNTO DE ACCESO ADICIONAL DE MATERIA--TÉRMINO DE MATERIA
Término de materia o nombre geográfico como elemento de entrada Bancos cooperativos
9 (RLIN) 31050
651 #4 - PUNTO DE ACCESO ADICIONAL DE MATERIA--NOMBRE GEOGRÁFICO
Nombre geográfico América Latina
Subdivisión general Condiciones económicas
9 (RLIN) 5778
740 0# - PUNTO DE ACCESO ADICIONAL--TÍTULO RELACIONADO O ANALÍTICO NO CONTROLADO
Título relacionado o analítico no controlado Documentos de trabajo.
942 ## - ELEMENTOS DE PUNTO DE ACCESO ADICIONAL (KOHA)
Fuente del sistema de clasificación o colocación Dewey Decimal Classification
Tipo de ítem Koha Libro
Holdings
Estado de retiro Estado de pérdida Fuente del sistema de clasificación o colocación Restricciones de uso No para préstamo Código de colección Localización permanente Ubicación/localización actual Ubicación en estantería Fecha de adquisición Número de inventario Total de préstamos Signatura topográfica completa Código de barras Fecha visto por última vez Precio válido a partir de Tipo de ítem Koha Número de copia
    Dewey Decimal Classification   Excluido de préstamo Monografías: Libros y Folletos General General Depósito 26.11.2009 LF1   BNPHU GR 334.2 B213i 13637-10 25.06.2020 25.06.2020 Libro  
  Extraviado     Excluido de préstamo Monografías: Libros y Folletos General General Extraviado 09.12.2009 LF1   13637-20 25.06.2020 25.06.2020 No se presta e. 2

Powered by Koha